000 00851nas a2200289 4500
001 BR2011002292
003 BR-BrBNA
005 20231205115303.0
007 ta
008 230509b bl.|||p| |||| 00| 00por d
040 _aBR-BrBNA
_bpor
_cBiblioteca Nacional de Agricultura
041 _a(Pt)
072 _aF50; F01
100 1 _aGondim, A.R. de O.
100 1 _aPuiatti, M.
100 1 _aVentrella, M.C.
100 1 _aCecon, P.R.
245 1 _aPlasticidade anatômica da folha de taro cultivado sob diferentes condições de sombreamento
650 _aTARO
650 _aINHAME
650 _aANATOMIA VEGETAL
650 _aAMIDO
650 _aSOMBREAMENTO
773 0 _tBragantia (Brazil)
_xISSN 0006-8705
_g(Oct-Dec 2008), v. 67(4) p. 1037-1045
_wBR2011002292
909 _a202311
_bLúcia
_c55
_dLúcia Elande
942 _2AGRIS
_n0
_cANA
999 _c213018
_d213018